Economía, trabajo y sociedad : memoria sobre la situación socioeconómica y laboral : España 2019 (Registro nro. 51496)
[ vista simple ]
| 000 -CABECERA | |
|---|---|
| Longitud fija campo de control | 01496nam a2200373 i 4500 |
| 001 - NÚMERO DE CONTROL | |
| Número de control | 51496 |
| 003 - IDENTIFICADOR DE NÚMERO DE CONTROL | |
| Identificador del número de control | ES-MaCES |
| 005 - FECHA Y HORA DE LA ÚLTIMA TRANSACCIÓN | |
| Fecha y hora de la última transacción | 20210726115914.0 |
| 007 - PHYSICAL DESCRIPTION FIXED FIELD--GENERAL INFORMAT | |
| Campo fijo de descripción física | cr ||||||||||| |
| 008 - CAMPO FIJO DE DESCRIPCIÓN FIJA--INFORMACIÓN GENERAL | |
| Códigos de información de longitud fija | 200813s2020 sp |||| o000|| espd |
| 040 ## - FUENTE DE CATALOGACIÓN | |
| Centro catalogador de origen | ES-MaCES |
| Lengua de catalogación | spa |
| Centro transcriptor | ES-MaCES |
| 245 00 - MENCIÓN DE TÍTULO | |
| Título | Economía, trabajo y sociedad : memoria sobre la situación socioeconómica y laboral : España 2019 |
| 300 ## - DESCRIPCIÓN FÍSICA | |
| Extensión | XVI, 693 p. (17,5 mb) |
| 500 ## - NOTA GENERAL | |
| Nota general | Memoria aprobada en la sesión ordinaria del Pleno del Consejo Económico y Social celebrada el 26 de junio de 2020 |
| 500 ## - NOTA GENERAL | |
| Nota general | Índices |
| 593 ## - CES. DATOS DICTAMEN | |
| Comisión de trabajo | Memoria sobre la Situación Socioeconómica y Laboral de España |
| Fecha dictamen | 20200626 |
| Identificador | MEM-2019 |
| Tipo trámite | Ordinaria |
| Tipo sesión | Pleno ordinario |
| Votos aprobados | Presentes (36): (35) sí, (0) no, (1) abst. |
| 650 #4 - ASIENTO SECUNDARIO DE MATERIA--TÉRMINO DE MATERIA | |
| Término de materia o nombre geográfico como elemento inicial | economía |
| 9 (RLIN) | 26781 |
| 650 #4 - ASIENTO SECUNDARIO DE MATERIA--TÉRMINO DE MATERIA | |
| Término de materia o nombre geográfico como elemento inicial | condiciones económicas |
| 9 (RLIN) | 27081 |
| 650 #4 - ASIENTO SECUNDARIO DE MATERIA--TÉRMINO DE MATERIA | |
| Término de materia o nombre geográfico como elemento inicial | trabajo |
| 9 (RLIN) | 28289 |
| 650 #4 - ASIENTO SECUNDARIO DE MATERIA--TÉRMINO DE MATERIA | |
| Término de materia o nombre geográfico como elemento inicial | condiciones de trabajo |
| 9 (RLIN) | 28327 |
| 650 #4 - ASIENTO SECUNDARIO DE MATERIA--TÉRMINO DE MATERIA | |
| Término de materia o nombre geográfico como elemento inicial | sociedad |
| 9 (RLIN) | 27269 |
| 650 #4 - ASIENTO SECUNDARIO DE MATERIA--TÉRMINO DE MATERIA | |
| Término de materia o nombre geográfico como elemento inicial | condiciones sociales |
| 9 (RLIN) | 30469 |
| 650 #4 - ASIENTO SECUNDARIO DE MATERIA--TÉRMINO DE MATERIA | |
| Término de materia o nombre geográfico como elemento inicial | condiciones de vida |
| 9 (RLIN) | 27111 |
| 650 #4 - ASIENTO SECUNDARIO DE MATERIA--TÉRMINO DE MATERIA | |
| Término de materia o nombre geográfico como elemento inicial | España |
| 9 (RLIN) | 26964 |
| 650 #4 - ASIENTO SECUNDARIO DE MATERIA--TÉRMINO DE MATERIA | |
| Término de materia o nombre geográfico como elemento inicial | 2019 |
| 9 (RLIN) | 39571 |
| 653 10 - TÉRMINO DE INDEXACIÓN--NO CONTROLADO | |
| Término no controlado | Condiciones económicas |
| 700 1# - ENCABEZAMIENTO SECUNDARIO--NOMBRE PERSONAL | |
| 9 (RLIN) | 13524 |
| Nombre de persona | Goerlich Peset, José María |
| Término indicativo de función | ponente |
| 700 1# - ENCABEZAMIENTO SECUNDARIO--NOMBRE PERSONAL | |
| 9 (RLIN) | 39851 |
| Nombre de persona | Pereira Omil, María Edita |
| Término indicativo de función | interviniente |
| 700 1# - ENCABEZAMIENTO SECUNDARIO--NOMBRE PERSONAL | |
| 9 (RLIN) | 39852 |
| Nombre de persona | Ródenas Sancho, Elvira |
| Término indicativo de función | interviniente |
| 700 1# - ENCABEZAMIENTO SECUNDARIO--NOMBRE PERSONAL | |
| 9 (RLIN) | 23322 |
| Nombre de persona | Sánchez Pedroche, José Andrés |
| Término indicativo de función | interviniente |
| 856 4# - ACCESO ELECTRÓNICO | |
| Identificador Uniforme del Recurso (URI) | <a href="http://www.ces.es/documents/MEM/2019/01">http://www.ces.es/documents/MEM/2019/01</a> |
| Texto del enlace | texto completo |
| 902 ## - CES. TIPO DE DOCUMENTO | |
| Tipodoc (006$c Sirtex) | Memoria CES |
| 942 ## - ELEMENTOS KOHA | |
| Fuente de clasificaión o esquema | Clasificación propia del CES |
| Koha [por defecto] tipo de item | Dictámenes/Informes/Memorias CES |
| Parte de clasificación | Economía |
No hay ítems disponibles.
